000 00403nmm a2200145Ia 4500
008 251105s9999||||xx |||||||||||||||||und||
041 _aspa
100 _aSilveira, Miguel
245 0 _aEl psicólogo de cabecera
264 _a[Madrid, España] :
_bAlba Editorial,
_c2015
300 _a384 páginas
650 _aPsychology
856 _uhttps://public.digitaliapublishing.com/a/48848
942 _cCF
999 _c105739
_d105739